000 00410nam a2200169Ia 4500
008 230524s9999 xx 000 0 und d
020 _a9780070606609
082 _a530
_bEDM
100 _aJoseph A.Edminister
245 0 _aElectromagnetics Schaum's Series
250 _a1ST
260 _aNEW DELHI
_bTMH
_c2005
300 _aXXIV;521
500 _aQuantity Number: 22
650 _aPhysics
942 _cBK
999 _c37195
_d37195